Ulangkaji ekspres STPM Sejarah Islam
| Main Author: | |
|---|---|
| Format: | Book |
| Published: |
K.L :
Federal Publications ,
1994
|
| Subjects: |
MARC
| LEADER | 00000cam a2200000 7i4500 | ||
|---|---|---|---|
| 001 | 0000006131 | ||
| 002 | 000006621 | ||
| 005 | 20000330.0 | ||
| 020 | |a 9679147797 | ||
| 090 | 0 | 0 | |a 297.09/AZI |
| 100 | 0 | |a Azizah Othman | |
| 245 | 1 | 0 | |a Ulangkaji ekspres STPM Sejarah Islam |c Azizah Othman |
| 260 | |a K.L : |b Federal Publications , |c 1994 | ||
| 300 | |a 151p. ; |c 16cm. | ||
| 650 | 0 | 0 | |a Islam |x History |
| 999 | |a 038304 |b BUKU |c RUJUKAN |e PERPUSTAKAAN KOMUNITI PETALING JAYA | ||
| 999 | |a 038305 |b BUKU |c RUJUKAN |e PERPUSTAKAAN KOMUNITI PETALING JAYA | ||